000 00317nam a2200121Ia 4500
008 150202s9999 xx 000 0 und d
050 _aFIC
_bFIC
100 _aGardner, John.
245 _aFlamingo /
_cJohn Gardner.
260 _aLondon :
_bCoronet Books,
_c1983.
300 _a282 p. :
_c18 cm.
650 _aFiction.
999 _c282032
_d282032